| 000 | 00897nam a2200217Ia 4500 | ||
|---|---|---|---|
| 003 | Ost | ||
| 005 | 20260507075635.0 | ||
| 008 | 260507s9999||||xx |||||||||||||| ||und|| | ||
| 020 | _a3033069959 | ||
| 040 | _cfsecg | ||
| 041 | _aara | ||
| 082 | _a608 | ||
| 100 |
_aالشماغ، خليل محمد حسن _eمؤلف |
||
| 245 | 0 |
_aمبادئ الإدارة مع التركيز على إدارة الاعمال / _c خليل محمد حسن الشماغ |
|
| 260 |
_aعمان: _bدار المسيرة للنشر, _c1999 |
||
| 300 |
_a452 صفحة؛ _bإيضاحات ؛ _c24 سم |
||
| 520 | _aطبيعة الإدارة وتطور فكرها وبيئتها- التخطيط واتخاذ القرار- التنظيم- القيادة والتحفيز- الرقابة- إدارة أنشطة المنشأة | ||
| 653 | _aإدارة الأعمال | ||
| 653 | _aالإدارة | ||
| 942 | _cكتاب | ||
| 999 |
_c45282 _d45282 |
||